| 000 | 00993cam a2200193 4500 | ||
|---|---|---|---|
| 008 | 000000n2000 000 0 eng u | ||
| 035 | _a(Sirsi) u109816 | ||
| 245 | _aWilliam Morrison Supermarkets plc v SoS Environment Transport and the Regions and Stockton on Tees BC | ||
| 260 | _c2000 | ||
| 490 |
_aJournal of Planning and Environment Law _v[2000] JPL 1139-1154(16) |
||
| 520 | _aQBD 18 April 2000. Material considerations. Town and Country Planning act 1990. SoS considered representations after public inquiry but before his decision. Applicant not given opportunity to comment on representations. (Taken from headnote) | ||
| 650 | _aWILLIAM MORRISON SUPERMARKETS PLC V SOS ENVIRONMENT TRANSPORT AND REGIONS AND STOCKTON ON TEES BC | ||
| 650 | _aTOWN AND COUNTRY PLANNING ACT 1990 S70 | ||
| 650 | _aTOWN AND COUNTRY PLANNING ACT 1990 S54A | ||
| 650 | _aMATERIAL CONSIDERATIONS | ||
| 650 | _aOUT-OF-TOWN SUPERSTORES | ||
| 690 |
_aPlanning and development _96259 |
||
| 942 | _n0 | ||
| 999 |
_c65533 _d65533 |
||